000 00645nam a2200169 i 4500
001 149253
003 ES-MaACL
005 20230906203020.0
007 t|
008 071019s1914 sp ||||1| spa d
100 1 _aVelasco Pajares, José.
_9113769
245 1 3 _aEl radioelemento en pediatría
_b: comunicación al primer Congreso Español de Pediatría (Mallorca, abril de 1914) /
_cJosé Velasco Pajares.
260 _aMadrid :
_b[s.n.],
_c1914 (
_fImp. de los Suc. de Hernando)
300 _a20 p. :
_bil. ;
_c23 cm.
711 2 _aCongreso Español de Pediatría (
_n1º.
_d1914.
_cPalma de Mallorca)
_9360
852 _aES-MaACL
_jT-1394-F-5
999 _c149253
_d149253